Faculty of Law Library — Cairo University

Official Online Catalog

Prospettive Del Nuovo Processo Penale / (Record no. 65883)

MARC details
000 -LEADER
fixed length control field 01457nam a2200385 i 4500
003 - CONTROL NUMBER IDENTIFIER
control field EG-GICUC
005 - DATE AND TIME OF LATEST TRANSACTION
control field 20260324154025.0
008 - FIXED-LENGTH DATA ELEMENTS--GENERAL INFORMATION
fixed length control field 260309s1978 It |||fr|||| 00| 0 eng d
040 ## - CATALOGING SOURCE
Original cataloging agency EG-GICUC
Transcribing agency EG-GICUC
Modifying agency EG-GICUC
Description conventions rda
Language of cataloging ita
041 ## - LANGUAGE CODE
Language code of text/sound track or separate title ita
082 04 - DEWEY DECIMAL CLASSIFICATION NUMBER
Edition number 21
Classification number 343
Item number PR
092 04 - LOCALLY ASSIGNED DEWEY CALL NUMBER (OCLC)
Edition number 21
099 ## - LOCAL FREE-TEXT CALL NUMBER (OCLC)
Classification number Law1 10 343 PR 1978
245 00 - TITLE STATEMENT
Title Prospettive Del Nuovo Processo Penale /
Statement of responsibility, etc. Par Cherif Bassiouni, Raffaele Bertoni, Mario Chiavario Vittorio Mele, Mario Pisani, Gian Domenico Pisapia Delfino Siracusano, Carlo Taormina, Mario Valiante, A Cura Di Alfonso M. Stile.
264 #3 - PRODUCTION, PUBLICATION, DISTRIBUTION, MANUFACTURE, AND COPYRIGHT NOTICE
Place of production, publication, distribution, manufacture Italy :
Name of producer, publisher, distributor, manufacturer Tipografia C. Pipola & C. Napoli Vico Gerolomini, 9 - Napoli,
Date of production, publication, distribution, manufacture, or copyright notice 1978.
300 ## - PHYSICAL DESCRIPTION
Extent 237 pages;
Dimensions 24 cm.
336 ## - CONTENT TYPE
Source rda content
Content type term text
337 ## - MEDIA TYPE
Source rda media
Media type term Computer
338 ## - CARRIER TYPE
Source rda carrier
Carrier type term Online Resource
546 ## - LANGUAGE NOTE
Language note Text in Italian
650 1# - SUBJECT ADDED ENTRY--TOPICAL TERM
Source of heading or term qrmak
Topical term or geographic name entry element Criminal Science
650 1# - SUBJECT ADDED ENTRY--TOPICAL TERM
Source of heading or term qrmak
Topical term or geographic name entry element Criminal law
651 1# - SUBJECT ADDED ENTRY--GEOGRAPHIC NAME
Source of heading or term qrmak
700 1# - ADDED ENTRY--PERSONAL NAME
Personal name Bassiouni, Cherif
Relator term presenter
700 1# - ADDED ENTRY--PERSONAL NAME
Personal name Bertoni, Raffaele
Relator term presenter
700 1# - ADDED ENTRY--PERSONAL NAME
Personal name Mele, Mario Chiavario Vittorio
Relator term presenter
700 1# - ADDED ENTRY--PERSONAL NAME
Personal name Pisani, Mario
Relator term presenter
700 1# - ADDED ENTRY--PERSONAL NAME
Personal name Siracusano, Gian Domenico Pisapia Delfino
Relator term presenter
700 1# - ADDED ENTRY--PERSONAL NAME
Personal name Taormina, Carlo
Relator term presenter
700 1# - ADDED ENTRY--PERSONAL NAME
Personal name Valiante, Mario
Relator term presenter
700 1# - ADDED ENTRY--PERSONAL NAME
Personal name M. Stile, Di Alfonso
Relator term editor.
856 40 - ELECTRONIC LOCATION AND ACCESS
Uniform Resource Identifier <a href="https://fll.law.cu.edu.eg/fulltext/bks/B10-08253.pdf">https://fll.law.cu.edu.eg/fulltext/bks/B10-08253.pdf</a>
905 ## - Cataloger and Reviser Names
Cataloger Name: Yasmin Sayed
Revisor Name: Yara
942 ## - ADDED ENTRY ELEMENTS (KOHA)
Source of classification or shelving scheme Dewey Decimal Classification
Koha item type Books
Edition 21
Suppress in OPAC No
Holdings
Withdrawn status Lost status Source of classification or shelving scheme Damaged status Not for loan Collection Home library Current library Date acquired Total checkouts Full call number Barcode Date last seen Copy number Price effective from Koha item type
    Dewey Decimal Classification   Not for loan القانون الجنائي جــــامعة القــاهرة مكتبة كلية الحقوق - المبنى الرئيسي 09.03.2026   Law1 10 343 PR 1978 1008253 C1 B10-08253 09.03.2026 1 09.03.2026 Books

© All rights reserved — Faculty of Law, Cairo University